| 000 | 01247nam a22001817a 4500 | ||
|---|---|---|---|
| 999 |
_c58130 _d58130 |
||
| 005 | 20210623124955.0 | ||
| 008 | 210623c2020 ge ||||| |||| 00| 0 geo d | ||
| 022 | _a1512-374X | ||
| 041 | _ageo | ||
| 245 |
_aხელისუფლება და საზოგადოება = Authoriti and society = Bласть и общество : _bსამეცნიერო ჟურნალი. ისტორია, თეორია, პრაქტიკა. ღია დიპლომატიის ასოციაციის სამეცნიერო ჟურნალი / _cსაქართველოს ტექნიკური უნივერსიტეტის სახელმწიფო მართვის კათედრა ; რედაქტორი შოთა დოღონაძე. |
||
| 260 |
_aთბილისი, _c2020. |
||
| 300 | _aV. | ||
| 521 | _aტექსტი ქართულ, რუსულ და ინგლისურ ენებზე. | ||
| 653 | _aპოლიტიკა | ||
| 653 | _aეკონომიკა | ||
| 700 |
_aდოღონაძე, შოთა _eმთავარი რედაქტორი _94915 |
||
| 942 |
_2udc _cCR |
||